Ideas sobre la complejidad del mundo
Na minha lista:
| Autor principal: | |
|---|---|
| Formato: | Livro |
| Idioma: | espanhol |
| Publicado em: |
Barcelona
Tusquets
1994
|
| Edição: | 3a. ed |
| Colecção: | Colección Metatemas. Libros Para Pensar la Ciencia, 9
|
| Assuntos: | |
| Tags: |
Adicionar Tag
Sem tags, seja o primeiro a adicionar uma tag!
|
MARC
| LEADER | 00000nam a2200000 a 4500 | ||
|---|---|---|---|
| 001 | UCZ7709 | ||
| 003 | CL-VaPUC | ||
| 008 | 960109e19940000SP |||||||||||||||||spa|d | ||
| 082 | 0 | 4 | |a 501 |b WAG |2 21 |
| 100 | 0 | |a Wagensberg, Jorge |e author |9 352707 | |
| 245 | 1 | 0 | |a Ideas sobre la complejidad del mundo |
| 250 | |a 3a. ed | ||
| 300 | |a 168 p | ||
| 942 | |c BK | ||
| 945 | |d 19960109 00:00:00 |a rleighto | ||
| 260 | |a Barcelona |b Tusquets |c 1994 | ||
| 650 | 0 | |a Filosofía de las ciencias |9 256466 | |
| 583 | |a last modification |c 19960109 00:00:00 |k Rodrigo Vera | ||
| 490 | 0 | |a Colección Metatemas. Libros Para Pensar la Ciencia, 9 | |
| 999 | |c 243748 |d 243746 | ||
| 952 | |0 0 |1 0 |4 0 |6 501_000000000000000_WAG_1994 |7 0 |8 A |9 257538 |a BIBEDU |b BIBEDU |d 2019-11-19 |i 3164632 |l 3 |o 501 WAG 1994 |p 3164632 |r 2024-10-10 |s 2024-10-02 |w 2019-11-19 |y BK |k FIL | ||